MARC details
| 000 -CABECERA |
| campo de control de longitud fija |
01124cam a2200289 a 4500 |
| 001 - NÚMERO DE CONTROL |
| campo de control |
000002591 |
| 005 - FECHA Y HORA DE LA ÚLTIMA TRANSACCIÓN |
| campo de control |
20200929150223.0 |
| 008 - DATOS DE LONGITUD FIJA--INFORMACIÓN GENERAL |
| campo de control de longitud fija |
860212s1991 sp 001 0 spa d |
| 020 ## - NÚMERO INTERNACIONAL ESTÁNDAR DEL LIBRO |
| Número Internacional Estándar del Libro |
843092213X |
| 040 ## - FUENTE DE LA CATALOGACIÓN |
| Centro catalogador/agencia de origen |
DO-SdBNP |
| Lengua de catalogación |
spa |
| Centro/agencia transcriptor |
BNPHU |
| 041 17 - CÓDIGO DE LENGUA |
| Código de lengua del texto/banda sonora o título independiente |
spa |
| Código de lengua original |
fre |
| 082 ## - NÚMERO DE LA CLASIFICACIÓN DECIMAL DEWEY |
| Número de clasificación |
940 |
| Número de documento/Ítem |
F386p |
| 100 1# - ENTRADA PRINCIPAL--NOMBRE DE PERSONA |
| Nombre de persona |
Ferrero, Guglielmo |
| Fechas asociadas al nombre |
1871-1942 |
| 9 (RLIN) |
8162 |
| 245 13 - MENCIÓN DE TÍTULO |
| Título |
El poder : |
| Resto del título |
los genios invisibles de la ciudad / |
| Mención de responsabilidad, etc. |
Guglielmo Ferrero; traducción, Eloy García. |
| 246 10 - FORMA VARIANTE DE TÍTULO |
| Título propio/Titulo breve |
Genios invisibles de la ciudad |
| 260 ## - PUBLICACIÓN, DISTRIBUCIÓN, ETC. |
| Lugar de publicación, distribución, etc. |
Madrid : |
| Nombre del editor, distribuidor, etc. |
Tecnos, |
| Fecha de publicación, distribución, etc. |
1991. |
| 300 ## - DESCRIPCIÓN FÍSICA |
| Extensión |
309 p. ; |
| Dimensiones |
21 cm. |
| 440 #0 - MENCIÓN DE SERIE/PUNTO DE ACCESO ADICIONAL--TÍTULO |
| Título |
Ciencias sociales |
| Nombre de parte o sección de la obra |
Serie de ciencia política |
| 9 (RLIN) |
8163 |
| 440 #0 - MENCIÓN DE SERIE/PUNTO DE ACCESO ADICIONAL--TÍTULO |
| Título |
Semilla y Surco |
| Nombre de parte o sección de la obra |
Serie de ciencia política |
| 9 (RLIN) |
8164 |
| 504 ## - NOTA DE BIBLIOGRAFÍA, ETC. |
| Nota de bibliografía, etc. |
Incluye referencias bibliográficas: p 309 |
| 504 ## - NOTA DE BIBLIOGRAFÍA, ETC. |
| Nota de bibliografía, etc. |
Incluye notas al pie de las páginas |
| 534 ## - NOTA SOBRE LA VERSIÓN ORIGINAL |
| Encabezamiento principal del original |
Pouvoir. Les génies invisibles de la cité |
| Frase introductoria |
Título original: |
| Mención de título del original |
El poder : los genios invisibles de la ciudad |
| 651 #4 - PUNTO DE ACCESO ADICIONAL DE MATERIA--NOMBRE GEOGRÁFICO |
| Nombre geográfico |
Europa |
| Subdivisión general |
Historia |
| -- |
Filosofía |
| 9 (RLIN) |
8165 |
| 651 #4 - PUNTO DE ACCESO ADICIONAL DE MATERIA--NOMBRE GEOGRÁFICO |
| Nombre geográfico |
Europa |
| Subdivisión general |
Historia |
| -- |
Revolución |
| 9 (RLIN) |
8166 |
| 651 #4 - PUNTO DE ACCESO ADICIONAL DE MATERIA--NOMBRE GEOGRÁFICO |
| Nombre geográfico |
Europa |
| Subdivisión general |
Política Y Gobierno |
| 9 (RLIN) |
540 |
| 700 1# - PUNTO DE ACCESO ADICIONAL--NOMBRE DE PERSONA |
| Nombre de persona |
García, Eloy |
| Término indicativo de función/relación |
tr. |
| 9 (RLIN) |
8167 |